000 00546nam a2200205Ia 4500
005 20250508165102.0
008 008 250505s9999 xx 000 0 eng d
037 _aTextual
040 _aFEDL
_beng
_cFEDL
041 _aeng
_2eng
084 _a320.54, BIP
_qFEDL
100 _aBipan Chandra
245 0 _aEssays on Indian nationalism
260 _aNew Delhi, India
_bHar-Anand Publications
_c1993
300 _a220p.
365 _aINR
_b195
546 _aMACESE
942 _cTEXL
_h320.54, BIP
999 _c1393071
_d1393071